[Event "Tenerife-chT Preferente Relegation"]
[Site "Tenerife"]
[Date "2022.06.04"]
[Round "1.1"]
[White "Ramirez Alvarez, Roberto"]
[Black "Iglesias Santos, David"]
[Result "1-0"]
[WhiteElo "1947"]
[BlackElo "1942"]
[PlyCount "101"]
[EventDate "2022.06.04"]
[EventType "team-match"]
[EventRounds "2"]
[EventCountry "ESP"]
[SourceTitle "EXT 2024"]
[Source "ChessBase"]
[SourceDate "2023.10.10"]
[SourceVersion "1"]
[SourceVersionDate "2023.10.10"]
[SourceQuality "1"]
[WhiteTeam "Playa San Juan"]
[BlackTeam "Circulo de Amistad XII Enero"]
[WhiteTeamCountry "ESP"]
[BlackTeamCountry "ESP"]

1. d4 Nf6 2. Nf3 e6 3. c4 b6 4. a3 Bb7 5. Nc3 d5 6. cxd5 exd5 7. g3 Nbd7 8. Bg2 g6 9. Bf4 a6 10. Qc1 Bg7 11. Bh6 0-0 12. h4 Re8 13. h5 Nxh5 14. g4 Nhf6 15. Bxg7 Kxg7 16. Qh6+ Kg8 17. 0-0-0 Nf8 18. Ne5 Ne4 19. Bxe4 dxe4 20. g5 f5 21. gxf6 Qxf6 22. e3 c5 23. Nd7 Nxd7 24. Qxh7+ Kf8 25. Qxd7 Re7 26. Qh3 cxd4 27. Rxd4 Rae8 28. Qh8+ Qxh8 29. Rxh8+ Kf7 30. Rh7+ Ke6 31. Rxe7+ Kxe7 32. Nxe4 Rf8 33. f4 Rh8 34. Nd6 Bc6 35. Nc4 b5 36. Ne5 Be8 37. Kd2 Rh2+ 38. Kc3 Rh3 39. Rd3 Rh2 40. b4 Rh1 41. Kd4 Rc1 42. Rc3 Rd1+ 43. Ke4 Rd6 44. Kf3 Ke6 45. Rc8 Ke7 46. Ke4 Rd1 47. Ra8 Rd6 48. Kf3 Re6 49. Ra7+ Kf6 50. Ng4+ Kf5 51. e4+ 1-0

[Event "Tenerife-ch"]
[Site "Santa Cruz"]
[Date "2022.05.09"]
[Round "8"]
[White "Iglesias Santos, David"]
[Black "Rodriguez Redondo, Ethan"]
[Result "1-0"]
[WhiteElo "1905"]
[BlackElo "2037"]
[PlyCount "103"]
[EventDate "2022.04.20"]
[EventType "swiss"]
[EventRounds "9"]
[EventCountry "ESP"]
[SourceTitle "EXT 2023"]
[Source "ChessBase"]
[SourceDate "2022.10.05"]
[SourceVersion "1"]
[SourceVersionDate "2022.10.05"]
[SourceQuality "1"]

1. c4 e5 2. g3 Nc6 3. Nc3 g6 4. Bg2 Bg7 5. e4 Nge7 6. Nge2 0-0 7. 0-0 d6 8. d3 f5 9. Be3 Be6 10. Nd5 Qd7 11. Qd2 Nc8 12. Rac1 Nd8 13. b3 c6 14. Ndc3 c5 15. Nd5 Nc6 16. Nec3 Nd4 17. Bxd4 exd4 18. Ne2 Bxd5 19. exd5 Nb6 20. Rce1 Rfe8 21. Nf4 Bh6 22. Re6 Bxf4 23. Qxf4 Rxe6 24. dxe6 Qxe6 25. Bxb7 Re8 26. Bc6 Re7 27. Bf3 Qe5 28. Qd2 Kg7 29. a4 h6 30. a5 Nd7 31. b4 cxb4 32. Qxb4 Nc5 33. Qa3 f4 34. Rd1 fxg3 35. hxg3 Rf7 36. Be4 Nxe4 37. dxe4 Qc5 38. Qd3 Qxa5 39. Qxd4+ Rf6 40. Rb1 Qa6 41. Ra1 Qxa1+ 42. Qxa1 Kf7 43. Qxa7+ Ke6 44. Qa8 Ke7 45. Qh8 h5 46. Qg7+ Ke6 47. f4 h4 48. gxh4 Rxf4 49. Qxg6+ Ke5 50. h5 Rxe4 51. Qxe4+ Kxe4 52. h6 1-0

[Event "Tenerife-ch"]
[Site "Santa Cruz"]
[Date "2022.05.04"]
[Round "7"]
[White "Aguirre Lorenzo, Luis Francisco"]
[Black "Iglesias Santos, David"]
[Result "1-0"]
[WhiteElo "1856"]
[BlackElo "1905"]
[PlyCount "61"]
[EventDate "2022.04.20"]
[EventType "swiss"]
[EventRounds "9"]
[EventCountry "ESP"]
[SourceTitle "EXT 2023"]
[Source "ChessBase"]
[SourceDate "2022.10.05"]
[SourceVersion "1"]
[SourceVersionDate "2022.10.05"]
[SourceQuality "1"]

1. d4 Nf6 2. c4 e6 3. Nc3 Bb4 4. e3 b6 5. Nge2 Ne4 6. Bd2 Nxc3 7. Bxc3 Bxc3+ 8. Nxc3 d6 9. Qf3 c6 10. Bd3 Qe7 11. 0-0 0-0 12. Rad1 e5 13. dxe5 dxe5 14. Bf5 Ba6 15. a3 g6 16. Bd3 f5 17. e4 f4 18. Be2 Bc8 19. Qd3 Be6 20. Qd6 Qf6 21. h3 h5 22. b4 Re8 23. b5 Qg5 24. Kh2 f3 25. Bxf3 Bxc4 26. Rfe1 Qf4+ 27. Kg1 Re6 28. Qd8+ Kg7 29. bxc6 Rxc6 30. Nd5 a5 31. Nxf4 1-0

[Event "Tenerife-chT Preferente"]
[Site "Tenerife"]
[Date "2022.04.30"]
[Round "10.2"]
[White "Iglesias Santos, David"]
[Black "Perez Gutierrez, Nauzet"]
[Result "1-0"]
[WhiteElo "1914"]
[BlackElo "2029"]
[PlyCount "79"]
[EventDate "2022.01.29"]
[EventType "team-tourn"]
[EventRounds "14"]
[EventCountry "ESP"]
[SourceTitle "EXT 2024"]
[Source "ChessBase"]
[SourceDate "2023.10.10"]
[SourceVersion "1"]
[SourceVersionDate "2023.10.10"]
[SourceQuality "1"]
[WhiteTeam "Circulo de Amistad XII Enero"]
[BlackTeam "El Sauzal"]
[WhiteTeamCountry "ESP"]
[BlackTeamCountry "ESP"]

1. e4 e5 2. Nf3 Nf6 3. Nxe5 d6 4. Nf3 Nxe4 5. d4 d5 6. Bd3 Be7 7. 0-0 0-0 8. Re1 Bf5 9. Nbd2 Nd6 10. Bxf5 Nxf5 11. Nf1 Nd7 12. Ng3 Nxg3 13. hxg3 Bd6 14. Qd3 c6 15. Bg5 f6 16. Bf4 Bxf4 17. gxf4 Qc7 18. Re7 Rae8 19. Rae1 Qd8 20. Qa3 Ne5 21. Rxe8 Nxf3+ 22. gxf3 Rxe8 23. Rxe8+ Qxe8 24. Qxa7 Qg6+ 25. Kf1 Qxc2 26. Qb8+ Kf7 27. Qxb7+ Kg6 28. Kg2 h6 29. b4 Kh7 30. Qd7 Qg6+ 31. Qg4 Qc2 32. a3 Kh8 33. Qh5 Kh7 34. b5 cxb5 35. Qxd5 Qd2 36. Qf5+ Kg8 37. Qxb5 g5 38. Qe8+ Kg7 39. Qe7+ Kg8 40. Qxf6 1-0

[Event "Tenerife-ch"]
[Site "Santa Cruz"]
[Date "2022.04.22"]
[Round "2"]
[White "Iglesias Santos, David"]
[Black "Perez Perez, Gabriel"]
[Result "0-1"]
[WhiteElo "1905"]
[BlackElo "2202"]
[PlyCount "48"]
[EventDate "2022.04.20"]
[EventType "swiss"]
[EventRounds "9"]
[EventCountry "ESP"]
[SourceTitle "EXT 2023"]
[Source "ChessBase"]
[SourceDate "2022.10.05"]
[SourceVersion "1"]
[SourceVersionDate "2022.10.05"]
[SourceQuality "1"]

1. c4 e6 2. g3 d5 3. Nf3 Nf6 4. Bg2 dxc4 5. Qc2 a6 6. Ne5 Ra7 7. a4 b6 8. Qxc4 c5 9. 0-0 Bd6 10. Nc6 Nxc6 11. Bxc6+ Nd7 12. d4 0-0 13. Rd1 Qc7 14. Bg2 cxd4 15. Qxd4 Be5 16. Qd3 Nc5 17. Qc2 Bb7 18. Nc3 Bxg2 19. Kxg2 Qc6+ 20. Kg1 Rc7 21. Be3 b5 22. axb5 axb5 23. Ra5 Nb7 24. Bb6 Qxb6 0-1

[Event "Tenerife-chT Preferente"]
[Site "Tenerife"]
[Date "2022.03.05"]
[Round "5.2"]
[White "Iglesias Santos, David"]
[Black "Mamani Beltran, Daniel"]
[Result "0-1"]
[WhiteElo "1914"]
[BlackElo "1994"]
[PlyCount "50"]
[EventDate "2022.01.29"]
[EventType "team-tourn"]
[EventRounds "14"]
[EventCountry "ESP"]
[SourceTitle "EXT 2024"]
[Source "ChessBase"]
[SourceDate "2023.10.10"]
[SourceVersion "1"]
[SourceVersionDate "2023.10.10"]
[SourceQuality "1"]
[WhiteTeam "Circulo de Amistad XII Enero"]
[BlackTeam "Fundacion La Caja de Canarias"]
[WhiteTeamCountry "ESP"]
[BlackTeamCountry "ESP"]

1. d4 e6 2. c4 d5 3. Nf3 Nf6 4. g3 Bb4+ 5. Bd2 Be7 6. Bg2 c6 7. Qc2 0-0 8. Nc3 dxc4 9. a4 Nbd7 10. Rd1 a6 11. Bg5 Nd5 12. Bxe7 Qxe7 13. Ne5 Nxe5 14. dxe5 Qc7 15. Qe4 b5 16. 0-0 Bb7 17. f4 Qb6+ 18. Rd4 Nxc3 19. bxc3 c5 20. Qxb7 Qxb7 21. Bxb7 cxd4 22. Bxa8 Rxa8 23. cxd4 c3 24. Rc1 b4 25. Kf2 Rc8 0-1

[Event "Tenerife-chT Preferente"]
[Site "Tenerife"]
[Date "2022.02.19"]
[Round "4.3"]
[White "Iglesias Santos, David"]
[Black "Oudeh Mishmesh, Omar"]
[Result "0-1"]
[WhiteElo "1914"]
[BlackElo "2032"]
[PlyCount "184"]
[EventDate "2022.01.29"]
[EventType "team-tourn"]
[EventRounds "14"]
[EventCountry "ESP"]
[SourceTitle "EXT 2024"]
[Source "ChessBase"]
[SourceDate "2023.10.10"]
[SourceVersion "1"]
[SourceVersionDate "2023.10.10"]
[SourceQuality "1"]
[WhiteTeam "Circulo de Amistad XII Enero"]
[BlackTeam "Al Shah Mat Los Realejos"]
[WhiteTeamCountry "ESP"]
[BlackTeamCountry "ESP"]

1. d4 Nf6 2. Bg5 d5 3. Nd2 Nbd7 4. Ngf3 e6 5. e4 dxe4 6. Nxe4 Be7 7. Nxf6+ Nxf6 8. Bd3 0-0 9. 0-0 c5 10. dxc5 Bxc5 11. Qe2 Be7 12. Rfd1 Qc7 13. Ne5 Rd8 14. c3 Rd5 15. Re1 a6 16. c4 Rd8 17. Rac1 a5 18. c5 Rd5 19. c6 h6 20. Bh4 Qb6 21. Red1 Rc5 22. Rxc5 Qxc5 23. Bb1 g5 24. Bg3 bxc6 25. h4 Ba6 26. Qf3 Bb5 27. hxg5 hxg5 28. Be4 Rd8 29. Nxc6 Bxc6 30. Bxc6 g4 31. Qc3 Qxc3 32. bxc3 Rc8 33. Bb5 Rxc3 34. Bh4 Nd5 35. Bxe7 Nxe7 36. Rd8+ Kg7 37. a4 Rc8 38. Rd7 Nc6 39. Rd6 Nb4 40. Rd7 Ra8 41. Be2 Nd5 42. Bxg4 Nf6 43. Bf3 Nxd7 44. Bxa8 Kf6 45. f3 Ke5 46. Bc6 Nb6 47. Kf2 Kd4 48. Be8 f6 49. g4 e5 50. Ke2 Nc4 51. Bb5 Nb6 52. Bc6 Kc5 53. Be8 Kd4 54. Bc6 Nc4 55. Bb5 Nd6 56. Bc6 Nf7 57. Be8 Nd8 58. Bd7 Nb7 59. Bc6 Nc5 60. Bb5 Ne6 61. Kf2 Nf4 62. Kg3 Ke3 63. Bc6 Ne2+ 64. Kg2 Nd4 65. Bd5 Ne2 66. Bc6 Nc3 67. Kg3 Ne2+ 68. Kg2 Kf4 69. Kf2 Nc3 70. Kg2 e4 71. fxe4 Kxg4 72. Kf2 Kf4 73. Kg2 Nxe4 74. Kf1 Ke3 75. Ke1 f5 76. Bd7 f4 77. Bb5 f3 78. Kf1 Nc3 79. Bd7 Ne4 80. Bb5 Ng3+ 81. Kg1 Nf5 82. Kf1 Nd4 83. Bc4 Nc6 84. Bb5 Ne5 85. Ba6 Kf4 86. Kf2 Ng4+ 87. Ke1 Ke3 88. Kf1 Nf6 89. Bb5 Ne4 90. Ke1 Ng3 91. Kd1 f2 92. Kc2 Ne2 0-1

[Event "Tenerife-chT Preferente 1920"]
[Site "Tenerife"]
[Date "2020.02.15"]
[Round "7.4"]
[White "Iglesias Santos, David"]
[Black "Alvarez Alonso, Alberto"]
[Result "0-1"]
[WhiteElo "1920"]
[BlackElo "2067"]
[PlyCount "44"]
[EventDate "2019.11.30"]
[EventType "team-tourn"]
[EventRounds "14"]
[EventCountry "ESP"]
[SourceTitle "CBM 195 Extra"]
[Source "ChessBase"]
[SourceDate "2020.05.31"]
[SourceVersion "1"]
[SourceVersionDate "2020.05.31"]
[SourceQuality "1"]
[WhiteTeam "Laguna Cotelec"]
[BlackTeam "Fundacion La Caja de Canarias"]
[WhiteTeamCountry "ESP"]
[BlackTeamCountry "ESP"]

1. d4 d5 2. c4 e6 3. Nf3 a6 4. g3 dxc4 5. a4 Nf6 6. Bg2 Nc6 7. 0-0 Be7 8. Na3 Na5 9. Bf4 0-0 10. Ra2 c6 11. Ne5 Nd5 12. Naxc4 Nxf4 13. gxf4 f6 14. Nxa5 fxe5 15. Nxc6 bxc6 16. Bxc6 Rb8 17. fxe5 Rb4 18. e3 Qb6 19. Qc2 Bb7 20. Rc1 Rc8 21. a5 Qxc6 22. Qxc6 Rxc6 0-1

[Event "Tenerife-chT Preferente 1920"]
[Site "Tenerife"]
[Date "2019.12.14"]
[Round "2.3"]
[White "Iglesias Santos, David"]
[Black "Arnaiz Yanes, Miguel Angel"]
[Result "1/2-1/2"]
[WhiteElo "1920"]
[BlackElo "1897"]
[PlyCount "95"]
[EventDate "2019.11.30"]
[EventType "team-tourn"]
[EventRounds "14"]
[EventCountry "ESP"]
[SourceTitle "CBM 195 Extra"]
[Source "ChessBase"]
[SourceDate "2020.05.31"]
[SourceVersion "1"]
[SourceVersionDate "2020.05.31"]
[SourceQuality "1"]
[WhiteTeam "Laguna Cotelec"]
[BlackTeam "Canarias 64"]
[WhiteTeamCountry "ESP"]
[BlackTeamCountry "ESP"]

1. d4 Nf6 2. c4 e5 3. dxe5 Ne4 4. Qc2 Bb4+ 5. Nd2 d5 6. exd6 Bf5 7. dxc7 Qxc7 8. Qa4+ Nc6 9. Ngf3 0-0-0 10. a3 Nc5 11. Qd1 Rhe8 12. e3 Bxd2+ 13. Bxd2 Bg4 14. Be2 Ne4 15. Qa4 Bxf3 16. gxf3 Nxf2 17. Rf1 Qd6 18. Qc2 Nd3+ 19. Bxd3 Qxd3 20. Qxd3 Rxd3 21. 0-0-0 Ne5 22. Kc2 Red8 23. b3 f6 24. h3 g5 25. f4 gxf4 26. Rxf4 R8d6 27. Rff1 Rb6 28. Bc3 Rxe3 29. Ba5 Rexb3 30. Bxb6 Rxb6 31. Kc3 Rc6 32. Rd4 b5 33. Rdf4 a5 34. Rxf6 Rxc4+ 35. Kd2 Rh4 36. Ra6 Kb7 37. Re6 Rh5 38. Kc2 Kc7 39. Ra6 Rxh3 40. Rxa5 Nc4 41. Ra7+ Kb6 42. Re7 Ne3+ 43. Rxe3 Rxe3 44. Kb2 Rh3 45. Rf8 Rg3 46. Rf6+ Kc5 47. Rh6 Rg7 48. Kb3 1/2-1/2

[Event "Tenerife-chT Preferente 1819"]
[Site "Tenerife"]
[Date "2019.02.23"]
[Round "9.2"]
[White "Gonzalez Garcia, Zoilo"]
[Black "Iglesias Santos, David"]
[Result "0-1"]
[WhiteElo "2086"]
[BlackElo "1902"]
[PlyCount "87"]
[EventDate "2018.11.24"]
[EventType "team-tourn"]
[EventRounds "14"]
[EventCountry "ESP"]
[SourceTitle "CBM 189 Extra"]
[Source "ChessBase"]
[SourceDate "2019.06.03"]
[SourceVersion "1"]
[SourceVersionDate "2019.06.03"]
[SourceQuality "1"]
[WhiteTeam "El Sauzal Libreria Barco"]
[BlackTeam "Laguna Cotelec"]
[WhiteTeamCountry "ESP"]
[BlackTeamCountry "ESP"]

1. e4 c5 2. Nf3 e6 3. d4 cxd4 4. Nxd4 Qb6 5. Nb3 Nf6 6. Bd3 d5 7. e5 Nfd7 8. Be3 Qc7 9. f4 b6 10. Qe2 Nc6 11. c3 Nc5 12. Nxc5 bxc5 13. 0-0 Rb8 14. b3 Bb7 15. Nd2 Be7 16. Qh5 Qa5 17. b4 cxb4 18. Nb3 Qd8 19. f5 Bc8 20. Nd4 Nxd4 21. Bxd4 Qa5 22. cxb4 Rxb4 23. Rac1 Bd7 24. Kh1 Rxd4 25. fxe6 Bxe6 26. Rc8+ Bxc8 27. Qxf7+ Kd8 28. Qxg7 Re8 29. Bxh7 Rg4 30. Qh6 Qxa2 31. Rg1 Qe2 32. Qc6 Qxe5 33. Rc1 Bd6 34. Qxc8+ Ke7 35. Qb7+ Kf8 36. g3 Qe7 37. Qxd5 Qe5 38. Rf1+ Ke7 39. Rf7+ Kd8 40. Qa8+ Bb8 41. Rb7 Qd5+ 42. Kg1 Re1+ 43. Kf2 Qd2+ 44. Kf3 0-1

[Event "Tenerife-chT Preferente 1819"]
[Site "Tenerife"]
[Date "2019.01.19"]
[Round "5.2"]
[White "Gil Ojeda, Jorge"]
[Black "Iglesias Santos, David"]
[Result "1-0"]
[WhiteElo "1988"]
[BlackElo "1902"]
[PlyCount "53"]
[EventDate "2018.11.24"]
[EventType "team-tourn"]
[EventRounds "14"]
[EventCountry "ESP"]
[SourceTitle "CBM 189 Extra"]
[Source "ChessBase"]
[SourceDate "2019.06.03"]
[SourceVersion "1"]
[SourceVersionDate "2019.06.03"]
[SourceQuality "1"]
[WhiteTeam "Fundacion La Caja de Canarias"]
[BlackTeam "Laguna Cotelec"]
[WhiteTeamCountry "ESP"]
[BlackTeamCountry "ESP"]

1. e4 c5 2. Nf3 e6 3. d4 cxd4 4. Nxd4 Qb6 5. Nc3 Bc5 6. Na4 Qa5+ 7. c3 Bxd4 8. Qxd4 e5 9. Qc5 Qxc5 10. Nxc5 d6 11. Nb3 f5 12. Bb5+ Bd7 13. Bxd7+ Nxd7 14. exf5 Ne7 15. g4 h5 16. f3 g6 17. fxg6 Nxg6 18. Bg5 0-0 19. 0-0-0 Rxf3 20. Rxd6 Ndf8 21. gxh5 Nf4 22. Bxf4 Rxf4 23. Rg1+ Kh7 24. h6 Rf7 25. Nc5 Re8 26. Ne4 Ne6 27. Rxe6 1-0

[Event "Barcelona Llobregat op 5th"]
[Site "Barcelona"]
[Date "2014.05.10"]
[Round "5"]
[White "Iglesias Santos, David"]
[Black "Capellades Subirana, Marc"]
[Result "0-1"]
[WhiteElo "2088"]
[BlackElo "2290"]
[PlyCount "48"]
[EventDate "2014.04.05"]
[EventType "swiss"]
[EventRounds "8"]
[EventCountry "ESP"]
[SourceTitle "CBM 160 Extra"]
[Source "ChessBase"]
[SourceDate "2014.07.01"]
[SourceVersion "1"]
[SourceVersionDate "2014.07.01"]
[SourceQuality "1"]

1. c4 Nf6 2. Nc3 e5 3. Nf3 Nc6 4. g3 Bc5 5. Bg2 d6 6. 0-0 h6 7. d3 Bg4 8. Ne1 Qd7 9. Nc2 Bh3 10. Ne3 Bxg2 11. Kxg2 h5 12. h4 Nd4 13. Ned5 Nf5 14. Nxf6+ gxf6 15. Nd5 Nxh4+ 16. Kh2 0-0-0 17. Nxf6 Qf5 18. gxh4 Qxf6 19. Bg5 Qe6 20. Bxd8 Kxd8 21. e3 Qf6 22. Kh3 Qf5+ 23. Kh2 Rg8 24. Rg1 Qxf2+ 0-1

[Event "Girona op-A 3rd"]
[Site "Girona"]
[Date "2012.07.17"]
[Round "2"]
[White "Iglesias Santos, David"]
[Black "Alejo Alvarez, Ricardo"]
[Result "0-1"]
[WhiteElo "1818"]
[BlackElo "1968"]
[PlyCount "94"]
[EventDate "2012.07.16"]
[EventType "swiss"]
[EventRounds "9"]
[EventCountry "ESP"]
[SourceTitle "CBM 149 Extra"]
[Source "ChessBase"]
[SourceDate "2012.08.24"]
[SourceVersion "1"]
[SourceVersionDate "2012.08.24"]
[SourceQuality "1"]

1. c4 Nf6 2. Nc3 g6 3. e4 d6 4. d4 Bg7 5. Be2 Nbd7 6. Bg5 h6 7. Be3 c6 8. Qd2 b5 9. cxb5 cxb5 10. Bxb5 Ng4 11. Nf3 Rb8 12. Rb1 Nxe3 13. Qxe3 0-0 14. 0-0 a6 15. Be2 Qa5 16. Qd2 Re8 17. Rfc1 Nf6 18. Ne1 Be6 19. Nc2 Rec8 20. b4 Qc7 21. Ne3 Qb7 22. f3 Qa7 23. a4 Nh5 24. Nc2 Bc4 25. Bxc4 Rxc4 26. Ne2 e5 27. Rd1 Rbc8 28. Ne3 R4c6 29. d5 R6c7 30. Kh1 Nf4 31. b5 axb5 32. axb5 Qb6 33. g3 Nxe2 34. Qxe2 Rc3 35. Rd3 Rc1+ 36. Rd1 R1c3 37. Rd3 Rc1+ 38. Rd1 R1c3 39. Rd3 Rc1+ 40. Rxc1 Rxc1+ 41. Rd1 Rc3 42. Ng2 Rb3 43. h3 Rxb5 44. Rc1 h5 45. Rc6 Rb1+ 46. Ne1 Qb5 47. Rc2 Rxe1+ 0-1

[Event "Girona Provincial-ch"]
[Site "Girona"]
[Date "2011.10.09"]
[Round "1"]
[White "Colls Gelaberto, Emilio"]
[Black "Iglesias Santos, David"]
[Result "1-0"]
[WhiteElo "2184"]
[BlackElo "1691"]
[PlyCount "81"]
[EventDate "2011.10.09"]
[EventType "swiss"]
[EventRounds "9"]
[EventCountry "ESP"]
[SourceTitle "EXT 2013"]
[Source "ChessBase"]
[SourceDate "2012.11.22"]
[SourceVersion "1"]
[SourceVersionDate "2012.11.22"]
[SourceQuality "1"]

1. d4 Nf6 2. c4 c5 3. Nf3 cxd4 4. Nxd4 Nc6 5. Nc3 Qb6 6. Nb3 e5 7. g3 Ng4 8. e3 Nf6 9. Bg2 d6 10. h3 Qb4 11. Nd2 Be6 12. a3 Qa5 13. 0-0 Qd8 14. Nd5 Qd7 15. Qf3 Bxd5 16. cxd5 Ne7 17. e4 Qb5 18. Re1 Nd7 19. Bf1 Qa5 20. b4 Qc7 21. Nc4 g6 22. Bg5 Bg7 23. Rac1 Qb8 24. Rc2 f6 25. Bd2 0-0 26. Ne3 f5 27. Rec1 fxe4 28. Qxe4 Nf6 29. Qd3 Rc8 30. Rxc8+ Nxc8 31. h4 Ne7 32. Bh3 Qe8 33. Be6+ Kh8 34. Rc7 Rb8 35. b5 Qd8 36. Qc4 h6 37. Bb4 Kh7 38. Qc2 Bf8 39. h5 Nxh5 40. Rd7 Qe8 41. Bxd6 1-0

[Event "Catalunya-ch U12"]
[Site "Vilaseca"]
[Date "2011.04.19"]
[Round "7.3"]
[White "Martinez Lopez, Carlos"]
[Black "Iglesias Santos, David"]
[Result "1/2-1/2"]
[WhiteElo "1922"]
[BlackElo "1822"]
[PlyCount "62"]
[EventDate "2011.04.16"]
[EventType "swiss"]
[EventRounds "8"]
[EventCountry "ESP"]
[SourceTitle "EXT 2024"]
[Source "ChessBase"]
[SourceDate "2023.10.10"]
[SourceVersion "1"]
[SourceVersionDate "2023.10.10"]
[SourceQuality "1"]

1. e4 c5 2. Nf3 e6 3. d4 cxd4 4. Nxd4 Nf6 5. Nc3 Bb4 6. Bd3 e5 7. Nf3 d5 8. Bb5+ Bd7 9. Bxd7+ Qxd7 10. Nxe5 Qe6 11. Qd4 Nxe4 12. Qxb4 Qxe5 13. Nxe4 Qxe4+ 14. Qxe4+ dxe4 15. Be3 0-0 16. Ke2 Nc6 17. Rad1 Rad8 18. a3 b6 19. Rxd8 Rxd8 20. Rd1 Rxd1 21. Kxd1 f6 22. Kd2 Ne7 23. Kc3 Nd5+ 24. Kd4 Nxe3 25. Kxe3 f5 26. Kf4 g6 27. c4 Kf7 28. Ke5 Ke7 29. b3 h6 30. b4 Kd7 31. Kd5 f4 1/2-1/2